[Event "Cipolletti"]
[Site "Cipolletti"]
[Date "1993.??.??"]
[Round "6"]
[White "Gamarra Caceres, Carlos"]
[Black "Vidal, Jose Raul"]
[Result "1-0"]
[WhiteElo "2310"]
[BlackElo "2310"]

1.d4 Nf6 2.c4 g6 3.Nc3 Bg7 4.e4 d6 5.Be2 O-O 6.Nf3 e5 7.O-O Nc6 8.d5 Ne7
9.Ne1 Nd7 10.Nd3 f5 11.Bd2 Nf6 12.f3 f4 13.b4 g5 14.a4 h5 15.a5 g4 16.c5 a6
17.cxd6 cxd6 18.Na4 gxf3 19.Bxf3 Bg4 20.Nf2 Bxf3 21.gxf3 Ng6 22.Nb6 Rb8 23.Kh1 h4
24.Rg1 Kh7 25.Qf1 Bh6 26.Qh3 Rg8 27.Qf5 Qe7 28.Rac1 Rbf8 29.Qh3 Rg7 30.b5 axb5
31.Bb4 Ne8 32.Ng4 Nc7 33.Nxh6 Kxh6 34.Nc8 Qd7 35.Qxd7 Rxd7 36.Nxd6 Ra8 37.Nf5+ Kh7  1-0

[Event "Clichy"]
[Site "Clichy"]
[Date "1993.??.??"]
[Round "10"]
[White "Mohandesi, Shahin"]
[Black "Berthelot, Yannick"]
[Result "1-0"]
[WhiteElo "2310"]
[BlackElo "2340"]

1.d4 Nf6 2.c4 g6 3.Nc3 Bg7 4.e4 d6 5.Be2 O-O 6.Nf3 e5 7.O-O Nc6 8.d5 Ne7
9.Ne1 Nd7 10.Nd3 f5 11.f3 Kh8 12.a4 a5 13.Be3 b6 14.b4 Nf6 15.bxa5 Rxa5 16.Qd2 Bd7
17.Nc1 f4 18.Bf2 h5 19.Nb3 Ra8 20.Nb5 Ne8 21.a5 Nc8 22.axb6 Rxa1 23.Rxa1 cxb6
24.Na7 g5 25.Nxc8 Qxc8 26.Qb4 g4 27.Qxb6 gxf3 28.gxf3 Bh3 29.Kh1 Bf6 30.Rg1 Qd7
31.Qa7 Nc7 32.Bb6 Bd8 33.Qa1 Qf7 34.c5 Nxd5 35.Bc4 Be6 36.Bxd5 Bxd5 37.exd5 Qxd5
38.Qd1 Qxd1 39.Rxd1 dxc5 40.Rxd8  1-0

[Event "Copenhagen op15"]
[Site "Copenhagen"]
[Date "1993.??.??"]
[Round "6"]
[White "Henrichsen, Jens"]
[Black "Krogh, Carsten"]
[Result "0-1"]
[WhiteElo "2190"]
[BlackElo "2330"]

1.d4 Nf6 2.Nf3 d6 3.c4 g6 4.Nc3 Bg7 5.e4 O-O 6.Be2 e5 7.O-O Nc6 8.d5 Ne7
9.b4 Nh5 10.g3 f5 11.Ng5 Nf6 12.f3 c6 13.b5 Kh8 14.Kg2 h6 15.Ne6 Bxe6 16.dxe6 d5
17.cxd5 cxd5 18.exd5 Rc8 19.Qb3 Nfxd5 20.Nxd5 Qxd5 21.Ba3 Rfe8 22.Bxe7 Qxb3
23.axb3 Rc2 24.Kf2 e4 25.Ra4 Rxe7 26.Rc4 e3+ 27.Ke1 Bc3+ 28.Rxc3 Rxc3 29.Bc4 Rc2
30.f4 a5 31.bxa6 bxa6 32.Rf3 a5 33.Bd5 Rd2 34.Bc4 Rc2 35.Bd5 Rd2 36.Bc4 Rd4
37.Ke2 a4 38.Kxe3 Re4+ 39.Kd3 a3 40.Rf2 Kg7 41.Ra2 Ra7 42.Kc3 Kf6 43.Kb4 g5
44.fxg5+ hxg5 45.Kc3 Ke5 46.Bb5 Kxe6 47.Ba4 Rexa4 48.bxa4 Rxa4 49.Kb3 Ra8
50.Re2+ Kd5 51.Ka2 f4 52.gxf4 gxf4  0-1

[Event "CUB-ch"]
[Site "?"]
[Date "1993.??.??"]
[Round "3"]
[White "Blanco Fernandez, Alvaro"]
[Black "Pecorelli Garcia, Humberto"]
[Result "1-0"]
[WhiteElo "2305"]
[BlackElo "2405"]

1.d4 Nf6 2.c4 g6 3.Nc3 Bg7 4.e4 d6 5.Be2 O-O 6.Nf3 e5 7.O-O Nc6 8.d5 Ne7
9.b4 a5 10.Ba3 Nh5 11.c5 Nf4 12.bxa5 Rxa5 13.Bb4 Ra8 14.cxd6 cxd6 15.Nb5 Ra6
16.Nd2 f5 17.Nc4 Rf6 18.f3 Bd7 19.Nbxd6 Ba4 20.Qe1 Raxd6 21.Nxd6 Rxd6 22.Bxd6 Qxd6
23.g3 Nxe2+ 24.Qxe2 Qc5+ 25.Kh1 Bb5 26.Qf2 Qxf2 27.Rxf2 Nc8 28.Rc1 Nd6 29.Rc7 Bd3
30.Rd7 Bf8 31.exf5 gxf5 32.Rb2 b5 33.a4 bxa4 34.Rb8 Nf7 35.Ra7 Bc4 36.Raa8 Bxd5
37.Rxf8+ Kg7 38.Rg8+ Kh6 39.Rxa4 Bxf3+ 40.Kg1 f4 41.gxf4  1-0

[Event "CUB-ch"]
[Site "?"]
[Date "1993.??.??"]
[Round "8"]
[White "Ramas, Lazaro"]
[Black "Martinez, Boris"]
[Result "1-0"]
[WhiteElo "2240"]
[BlackElo "2285"]

1.d4 g6 2.c4 Bg7 3.Nc3 d6 4.e4 Nf6 5.Nf3 O-O 6.Be2 e5 7.O-O Nc6 8.d5 Ne7
9.b4 Nh5 10.g3 f5 11.Ng5 Nf6 12.f3 h6 13.Ne6 Bxe6 14.dxe6 c6 15.Be3 Ne8 16.Qb3 f4
17.Bf2 Kh7 18.Rad1 Qc8 19.c5 d5 20.exd5 cxd5 21.Nxd5 Qxe6 22.Nxe7 Qxe7 23.Bd3 Nf6
24.Qc2 Qf7 25.Bc4 Qc7 26.Rd6 Rae8 27.Bd3 e4 28.fxe4 Ng4 29.e5 fxg3 30.hxg3 Kh8
31.Rxg6 Rxf2 32.Rxf2 Nxf2 33.Qxf2 Qxe5 34.Qf5 Qe3+ 35.Kg2 Re5 36.Qc8+ Kh7
37.Rd6+ Re4 38.Qf5+ Kg8 39.Qxe4 Qd2+ 40.Kh3 Qg5 41.Bc4+  1-0

[Event "CUB-ch"]
[Site "?"]
[Date "1993.??.??"]
[Round "9"]
[White "Vera, Reynaldo"]
[Black "Diaz, Augusto"]
[Result "1-0"]
[WhiteElo "2525"]
[BlackElo "2285"]

1.d4 Nf6 2.c4 g6 3.Nc3 Bg7 4.e4 d6 5.Be2 O-O 6.Nf3 e5 7.O-O Nc6 8.Be3 Ng4
9.Bg5 f6 10.Bc1 f5 11.Bg5 Bf6 12.Bxf6 Nxf6 13.d5 Ne7 14.exf5 gxf5 15.Ng5 Ng6
16.g3 Qe7 17.Qd2 Kg7 18.f4 exf4 19.gxf4 h6 20.Nf3 Ne4 21.Qe3 Rf7 22.Nd4 Nc5
23.Qf2 a5 24.Bh5 Bd7 25.Kh1 Rg8 26.Rae1 Qf6 27.Re3 Kh7 28.Rg3 Rfg7 29.Rfg1 Ne7
30.Qe3 Rxg3 31.hxg3 Ng6 32.Nc2 Re8 33.Qd4 Qxd4 34.Nxd4 Re7 35.Bd1 Kg7 36.Ncb5 Bc8
37.Kg2 Nd3 38.b3 Kf6 39.Rh1 Rh7 40.a3 h5 41.Be2 Rg7 42.Kf3 Nc5 43.Rxh5 Ne4
44.Bd3 Nxg3 45.Kxg3 Ne5+ 46.Rg5 Nxd3 47.Rxg7 Kxg7 48.Nxc7 Kf7 49.Na8 Ke7
50.Nb6 Bd7 51.Nxd7 Kxd7 52.Nxf5 a4 53.bxa4 Nb2 54.Ne3 Nxa4 55.Kg4 Nc3 56.Kg5  1-0

[Event "Cuxhaven op"]
[Site "Cuxhaven"]
[Date "1993.??.??"]
[Round "4"]
[White "Dambrauskas, Virginijus"]
[Black "Kindermann, Stefan"]
[Result "1/2-1/2"]
[WhiteElo "2360"]
[BlackElo "2520"]

1.Nf3 Nf6 2.c4 g6 3.Nc3 Bg7 4.e4 d6 5.d4 O-O 6.Be2 e5 7.O-O Nc6 8.d5 Ne7
9.Nd2 a5 10.Rb1 Nd7 11.b4 axb4 12.Rxb4 f5 13.f3 f4 14.Ra4 Rb8 15.Nb3 h5 16.Nb5 Nf6
17.c5 g5 18.Bd2 dxc5 19.Nxc5 c6 20.dxc6 Nxc6 21.Qc2  1/2-1/2

[Event "CZE Tschechien-ch"]
[Site "?"]
[Date "1993.??.??"]
[Round "6"]
[White "Pohorsky, Pavel"]
[Black "Bauma, Jiri"]
[Result "1/2-1/2"]
[WhiteElo "2020"]
[BlackElo "2205"]

1.d4 Nf6 2.Nf3 g6 3.c4 Bg7 4.Nc3 O-O 5.e4 d6 6.Be2 e5 7.O-O Nc6 8.d5 Ne7
9.Ne1 a5 10.Be3 b6 11.Nd3 Ba6 12.b3 Nd7 13.g4 Kh8 14.Qd2 Nc5 15.Nxc5 bxc5
16.Kg2 Bc8 17.Rh1 f5 18.f3 f4 19.Bf2 Bd7 20.Bd1 Nc8 21.a4 Nb6 22.Bc2 h5 23.h3 Bf6
24.Rh2 Bh4 25.Bxh4 Qxh4 26.Qf2 Qxf2+ 27.Kxf2 h4 28.Rhh1 Rfb8 29.Rhb1 Rb7
30.Bd3 Kg7  1/2-1/2

[Event "CZE-ch"]
[Site "?"]
[Date "1993.??.??"]
[Round "11"]
[White "Hajek, Michal"]
[Black "Neumann, Peter"]
[Result "1/2-1/2"]
[WhiteElo "2285"]
[BlackElo "2190"]

1.d4 Nf6 2.c4 g6 3.Nc3 Bg7 4.e4 O-O 5.Be2 d6 6.Nf3 e5 7.O-O Nc6 8.d5 Ne7
9.Nd2 c6 10.b4 Ne8 11.a4 f5 12.a5 Nf6 13.f3 f4 14.Nb3 cxd5 15.cxd5 g5 16.g4 fxg3
17.hxg3 h6 18.Kh2 Ng6 19.Be3 Qd7 20.g4 Nf4 21.Rg1 h5 22.Rg3 Kf7 23.Rc1 a6
24.Nd2 hxg4 25.fxg4 Rh8+ 26.Kg1 Bf8 27.Bf3 Kg8 28.Bxf4 gxf4 29.Rg2 Rh3 30.Kf2 Qh7
31.Qg1 Bd7 32.Nc4 Rc8 33.Nd2 Rxf3+ 34.Nxf3 Rxc3  1/2-1/2

[Event "Dhaka"]
[Site "Dhaka"]
[Date "1993.??.??"]
[Round "?"]
[White "Vaidya, Arun B"]
[Black "Mishra, Neeraj Kumar"]
[Result "1/2-1/2"]
[WhiteElo "2385"]
[BlackElo "2365"]

1.d4 Nf6 2.c4 g6 3.Nc3 Bg7 4.e4 d6 5.Be2 O-O 6.Nf3 e5 7.O-O Nc6 8.d5 Ne7
9.Ne1 Nd7 10.Be3 f5 11.f3 h6 12.b4 b6 13.Rc1 g5 14.c5 Nf6 15.a4 Ng6 16.a5 Nf4
17.Nd3 Nxe2+ 18.Qxe2 f4 19.Bd2 Rf7 20.cxb6 axb6 21.Ra1 Rb8 22.axb6 cxb6 23.Rfc1 b5
24.Ra5 Bd7 25.Be1 Bf8 26.Rca1 Rg7 27.Kh1 g4 28.Bh4 Be7 29.Bxf6 Bxf6 30.Ra7 Rg6
31.Nf2 g3 32.Nd3 gxh2 33.R1a6 Bg7 34.Nc5 Bc8 35.Ne6 Rxe6 36.dxe6 Bxa6 37.Rxa6 Qc8
38.Ra3 Bf6 39.Qd2 Qc4 40.Qxd6 Rd8 41.e7 Rxd6 42.e8=Q+ Kh7 43.Ra7+ Bg7 44.Rxg7+ Kxg7
45.Qxe5+ Kh7 46.Qxd6 Qxc3 47.Kxh2 Qe1 48.Qxf4 Qxb4 49.Qf7+ Kh8 50.Qf6+ Kh7
51.e5 Qd4 52.Qf7+ Kh8 53.Qf8+ Kh7 54.f4 Qd7 55.Qd6 Qg4 56.Qd3+ Kg7 57.g3 b4
58.f5 b3 59.Qxb3  1/2-1/2

[Event "Doha"]
[Site "Doha"]
[Date "1993.??.??"]
[Round "5"]
[White "Guseinov, Aidyn"]
[Black "Barcenilla, Rogelio"]
[Result "1-0"]
[WhiteElo "2395"]
[BlackElo "2465"]

1.d4 Nf6 2.c4 g6 3.Nc3 Bg7 4.e4 d6 5.Be2 O-O 6.Nf3 e5 7.O-O Nc6 8.d5 Ne7
9.Nd2 a5 10.a3 Nd7 11.Rb1 f5 12.b4 Kh8 13.Qc2 Ng8 14.f3 Ndf6 15.c5 Nh5 16.Nc4 axb4
17.axb4 Nf4 18.b5 fxe4 19.fxe4 Nxe2+ 20.Qxe2 Rxf1+ 21.Qxf1 dxc5 22.b6 Bd7
23.Be3 Ra6 24.Bxc5 Nh6 25.Ra1 Rxa1 26.Qxa1 cxb6 27.Bxb6 Qf8 28.Qa5 Nf7 29.Bc5 Qb8
30.Nb6 Be8 31.Qa3 Bh6 32.d6 Qd8 33.Ncd5 Bc6 34.d7 Bxd5 35.exd5 Bg5 36.Qa7 Qc7
37.Qa8+ Bd8 38.Qc8 Kg7 39.Nc4 e4 40.g3 Ng5 41.Be7 Nf3+ 42.Kg2 Nh4+ 43.Kf1  1-0

[Event "Doha"]
[Site "Doha"]
[Date "1993.??.??"]
[Round "7"]
[White "Guseinov, Aidyn"]
[Black "Kuzmin, Alexey"]
[Result "1/2-1/2"]
[WhiteElo "2395"]
[BlackElo "2555"]

1.d4 Nf6 2.c4 g6 3.Nc3 Bg7 4.e4 d6 5.Be2 O-O 6.Nf3 e5 7.O-O Nc6 8.d5 Ne7
9.Nd2 a5 10.a3 Bd7 11.b3 Ne8 12.Rb1 f5 13.b4 axb4 14.axb4 Nf6 15.f3 c6 16.dxc6 Nxc6
17.Nb3 Be6 18.Nb5 fxe4 19.Nxd6 exf3 20.Rxf3 e4  1/2-1/2

[Event "Doha"]
[Site "Doha"]
[Date "1993.??.??"]
[Round "10"]
[White "Sakaev, Konstantin"]
[Black "Al Khateeb, Ahmed"]
[Result "1-0"]
[WhiteElo "2540"]
[BlackElo "2300"]

1.d4 Nf6 2.c4 g6 3.Nc3 Bg7 4.e4 d6 5.Nf3 O-O 6.Be2 e5 7.O-O Nc6 8.d5 Ne7
9.Nd2 Ne8 10.b4 f5 11.c5 Kh8 12.a4 Ng8 13.Nc4 f4 14.Ba3 h5 15.b5 Nh6 16.a5 b6
17.cxd6 cxd6 18.Bb4 Rb8 19.axb6 axb6 20.Na4 Rf7 21.Rc1 Rfb7 22.Ncxb6 Rxb6
23.Ba5 Bd7 24.Rc6 Bxc6 25.dxc6 Bf6 26.Nxb6 Rxb6 27.Qd5 Qb8 28.Bxb6 Qxb6 29.Qe6 Qd8
30.b6 Ng8 31.Bc4 Ne7 32.c7 Qa8 33.Bb5  1-0

[Event "Arab-ch8 Doha"]
[Site "Doha"]
[Date "1993.??.??"]
[Round "10"]
[White "Al Khateeb, Ahmed"]
[Black "Battikhi, H."]
[Result "1-0"]
[WhiteElo "2270"]
[BlackElo "2220"]

1.d4 g6 2.c4 Bg7 3.Nc3 Nf6 4.e4 d6 5.Be2 O-O 6.Nf3 e5 7.O-O Nc6 8.d5 Ne7
9.Ne1 Ne8 10.Nd3 f5 11.Bd2 Nf6 12.f3 f4 13.Rc1 g5 14.g4 fxg3 15.hxg3 Bh6
16.Kg2 Rf7 17.c5 Ng6 18.cxd6 cxd6 19.Rh1 Qf8 20.Qg1 Kh8 21.Qh2 Ng8 22.Qh5 Rg7
23.Kf2 Nf6 24.Qxh6 Ng4+ 25.Kg2 Nxh6 26.Rxh6 Qf6 27.Rch1 Nh4+ 28.R1xh4 Qe7
29.R4h5 Bd7 30.Nf2 Rc8 31.Nfd1 b5 32.Ne3 b4 33.Nb5 Bxb5 34.Bxb5 Qb7 35.Bd3 b3
36.a3 Rc2 37.Bxc2 bxc2 38.Bc1 Qa6 39.Kf2 Qd3 40.g4 Qd4 41.Rh1 Rb7 42.Kg3 Kg8
43.Nxc2 Qc5 44.Nb4 a5 45.Nc6 a4 46.R6h5 Qc2 47.Rxg5+ Kf8 48.Nd8 Rb3 49.Ne6+ Ke8
50.Rg8+ Kf7 51.Rf8+ Kg6 52.Rh6+  1-0

[Event "Arab-ch8 Doha"]
[Site "Doha"]
[Date "1993.??.??"]
[Round "11"]
[White "Moussa, Alaa Eddine"]
[Black "Al Modiahki, Mohamad"]
[Result "1/2-1/2"]
[WhiteElo "2205"]
[BlackElo "2380"]

1.d4 Nf6 2.Nf3 g6 3.c4 Bg7 4.Nc3 O-O 5.e4 d6 6.Be2 e5 7.O-O Nc6 8.d5 Ne7
9.Nd2 a5 10.a3 Bd7 11.Rb1 a4 12.b4 axb3 13.Nxb3 b6 14.Ra1 Ba4 15.Qc2 Bxb3
16.Qxb3 Nd7 17.Bd2 Nc5 18.Qc2 Qd7 19.a4 Ra6 20.Ra2 Rfa8 21.Rfa1 f5 22.f3 Kh8
23.Nb5 Nb7 24.Nc3 Nc5 25.Nb5 Nb7 26.Nc3 Nc5 27.Nb5  1/2-1/2

[Event "Dortmund op-A"]
[Site "Dortmund"]
[Date "1993.??.??"]
[Round "3"]
[White "Kishnev, Sergey"]
[Black "Hausrath, Daniel"]
[Result "1-0"]
[WhiteElo "2510"]
[BlackElo "2260"]

1.d4 Nf6 2.c4 g6 3.Nc3 Bg7 4.e4 d6 5.Be2 O-O 6.Nf3 e5 7.O-O Nc6 8.d5 Ne7
9.Nd2 c5 10.Rb1 Ne8 11.b4 b6 12.bxc5 bxc5 13.Nb3 f5 14.Bg5 Bf6 15.Bd2 Kh8
16.Nb5 Ng8 17.Na5 Bd7 18.Bf3 Qc8 19.h3 Bd8 20.exf5 Bxf5 21.Rb3 Bh4 22.Nc6 a6
23.Nc3 Ne7 24.Bh6 Rf7 25.Ne4 Bxe4 26.Bxe4 Nf6 27.Nxe7 Rxe7 28.Bf3 Rb8 29.Bd2 Ng8
30.Bg4 Qe8 31.Qb1 Rxb3 32.Qxb3 Nf6 33.Bf3 Ng8 34.Be3 Bf6 35.Qb6 e4 36.Bg4 Qa4
37.Qxd6 Qxc4 38.Be6 Qc3 39.Qb8 Rg7 40.Bh6  1-0

[Event "Dortmund op-A"]
[Site "Dortmund"]
[Date "1993.??.??"]
[Round "5"]
[White "Boguslawsky, Maxim"]
[Black "Sand, Rolf"]
[Result "1-0"]
[WhiteElo "2360"]
[BlackElo "2145"]

1.d4 Nf6 2.c4 g6 3.Nc3 Bg7 4.e4 d6 5.Be2 O-O 6.Nf3 e5 7.O-O Nc6 8.d5 Ne7
9.Nd2 a5 10.a3 Nd7 11.Rb1 f5 12.b4 Kh8 13.Qc2 Ng8 14.exf5 gxf5 15.f4 Ne7
16.Nf3 Ng6 17.Ng5 Nf6 18.fxe5 dxe5 19.Ne6 Bxe6 20.dxe6 Ne7 21.Be3 Qc8 22.Bc5 Qxe6
23.Bxe7 Qxe7 24.Rxf5 axb4 25.axb4 Rad8 26.c5 Rd4 27.Qb3 Rf4 28.Rf1 Rxf5 29.Rxf5 Qd7
30.Rf1 Qd4+ 31.Kh1 Ng4 32.Rxf8+ Bxf8 33.Bxg4 Qxg4 34.Qf7 Qf4 35.Qxf4 exf4
36.Nd5 b6 37.cxb6 cxb6 38.b5 Bc5 39.Nxf4 Kg8 40.g4 Kf7 41.Kg2 Kf6 42.Kf3 Bg1
43.h4 Ke5 44.g5 Kf5 45.Ne2 Bc5 46.Ng3+ Ke5 47.Kg4 Bf2 48.h5 Bd4 49.h6 Bb2
50.Nh5 Ke6 51.Nf4+ Kf7 52.Kf5 Bc3 53.Nd5  1-0

[Event "Dortmund op-A"]
[Site "Dortmund"]
[Date "1993.??.??"]
[Round "5"]
[White "Brem, Stephan"]
[Black "Koscielski, Janusch"]
[Result "0-1"]
[WhiteElo "2225"]
[BlackElo "2315"]

1.d4 Nf6 2.c4 g6 3.Nc3 Bg7 4.e4 d6 5.Nf3 O-O 6.Be2 e5 7.O-O Nc6 8.d5 Ne7
9.Ne1 Nd7 10.f3 f5 11.g4 Kh8 12.Be3 Ng8 13.Qd2 Ndf6 14.h3 f4 15.Bf2 g5 16.Nd3 h5
17.Kg2 Nh6 18.Qd1 b6 19.Rc1 Bd7 20.b4 a5 21.a3 axb4 22.axb4 Qc8 23.Rh1 Kg8
24.gxh5 Rf7 25.c5 bxc5 26.bxc5 Bf8 27.c6 Be8 28.Ra1 Rxa1 29.Qxa1 Rg7 30.Kf1 Bxh5
31.Ke1 Bg6 32.Ba7 g4 33.hxg4 Nhxg4 34.Kd2 Ne3 35.Nf2 Nh5 36.Rb1 Qd8 37.Rb8 Qh4
38.Nfd1 Nxd1 39.Nxd1 Ng3 40.Bf2 Qh2 41.Qb1 Bh5 42.Qd3 Nxe2 43.Qxe2 Qh3 44.Rb3 Rg2
45.Ke1 Be7 46.Rd3 Bh4 47.Rb3 Qh1+ 48.Kd2 Qh2 49.Ke1 Qh1+ 50.Kd2 Bxf2 51.Nxf2  0-1

[Event "Dortmund op-A"]
[Site "Dortmund"]
[Date "1993.??.??"]
[Round "6"]
[White "Hausrath, Daniel"]
[Black "Sand, Rolf"]
[Result "1-0"]
[WhiteElo "2260"]
[BlackElo "2145"]

1.d4 Nf6 2.c4 g6 3.Nc3 Bg7 4.e4 d6 5.Be2 O-O 6.Nf3 e5 7.O-O Nc6 8.d5 Ne7
9.Nd2 a5 10.a3 Nd7 11.Rb1 f5 12.b4 Kh8 13.Qc2 Ng8 14.f3 Ndf6 15.c5 axb4 16.axb4 Nh5
17.Nc4 Ngf6 18.Be3 Nf4 19.cxd6 cxd6 20.Nb5 fxe4 21.fxe4 Nxe4 22.Bxf4 Rxf4
23.Bd3 Nf6 24.Nbxd6 Kg8 25.Rxf4 exf4 26.Re1 Bf8 27.Ne4 Nxe4 28.Bxe4 Qf6 29.Qd2 Bd6
30.Bf3 Bf5 31.Nxd6 Qxd6 32.Qd4 Rc8 33.h3 Kf7 34.Kh2 b6 35.Ra1 Bd7 36.Ra7 b5
37.Rxd7+ Qxd7 38.Bg4 Qd8 39.Be6+ Ke7 40.Bxc8 Qxc8 41.Qxf4 Qd7 42.Qe5+ Kd8
43.Kg3 Qc7 44.Qxc7+ Kxc7 45.Kf4 Kd6 46.Ke4 g5  1-0

[Event "Dortmund op-A"]
[Site "Dortmund"]
[Date "1993.??.??"]
[Round "7"]
[White "Blecken, Volker"]
[Black "Koscielski, Janusch"]
[Result "1-0"]
[WhiteElo "2200"]
[BlackElo "2315"]

1.d4 Nf6 2.Nf3 g6 3.c4 Bg7 4.Nc3 O-O 5.e4 d6 6.Be2 e5 7.O-O Nc6 8.Be3 h6
9.d5 Ne7 10.Nd2 Nxe4 11.Ndxe4 f5 12.f3 fxe4 13.fxe4 Rxf1+ 14.Kxf1 g5 15.Bh5 Kh7
16.Qf3 Ng6 17.Bxg6+ Kxg6 18.Kg1 Qe7 19.Rf1 a6 20.Ne2 Bd7 21.Ng3 Rf8 22.Qh5+ Kh7
23.Nf5 Bxf5 24.Rxf5 Rxf5 25.exf5 Qf6 26.Qg4 Kh8 27.Qe4 h5 28.h3 h4 29.Kf2 Bh6
30.Kf3 Kg7 31.Qg4 c6 32.Ke4 cxd5+ 33.cxd5 Qe7 34.Qh5 Qf7 35.Qxf7+ Kxf7 36.Kf3 Kf6
37.Kg4 b5 38.g3 hxg3 39.h4 gxh4 40.Bxh6 h3 41.Bg5+  1-0

[Event "Dortmund op-A"]
[Site "Dortmund"]
[Date "1993.??.??"]
[Round "9"]
[White "Sher, Miron N"]
[Black "Novik, Maxim"]
[Result "1/2-1/2"]
[WhiteElo "2500"]
[BlackElo "2430"]

1.c4 g6 2.e4 Bg7 3.d4 d6 4.Nc3 Nf6 5.Nf3 O-O 6.Be2 e5 7.O-O Nc6 8.d5 Ne7
9.Nd2 a5 10.a3 Nd7 11.Rb1 f5 12.b4 Kh8 13.Qc2 axb4 14.axb4 Nf6 15.Bd3 Nh5
16.Re1 Nf4 17.Bf1 fxe4 18.Ndxe4 Nf5 19.Ne2 Nxe2+ 20.Qxe2 Nd4  1/2-1/2

[Event "Dortmund op-A"]
[Site "Dortmund"]
[Date "1993.??.??"]
[Round "9"]
[White "Schebler, Gerhard"]
[Black "Peterson, Emery"]
[Result "1/2-1/2"]
[WhiteElo "2365"]
[BlackElo "2165"]

1.d4 Nf6 2.c4 g6 3.Nc3 Bg7 4.e4 d6 5.Nf3 O-O 6.Be2 Nc6 7.O-O e5 8.d5 Ne7
9.Nd2 Ne8 10.b4 f5 11.c5 Kh8 12.Ba3 Ng8 13.Nc4 f4 14.b5 b6 15.cxd6 cxd6 16.Bb4 Rf6
17.a4 a5 18.bxa6 Bxa6 19.Nb5 Nh6 20.Qb3 Nf7 21.Rfc1 Bh6 22.Rc2 Bxb5 23.Nxe5 Nxe5
24.Bxb5 Nc7 25.Bc6 Rb8 26.f3 g5 27.h3 Bg7 28.Rac1 Na6 29.Bb7 Nc5 30.Bxc5 dxc5
31.Ba6 h5 32.Be2 Rg6 33.Rb1 Nd7 34.Kf2 g4 35.fxg4 Bd4+ 36.Ke1 Qh4+ 37.Kd1 Ne5
38.Rd2 Be3 39.Qc3 Qf6 40.Ra2 hxg4 41.hxg4 Re8 42.Kc2 Kg7 43.a5 bxa5 44.Rxa5 Nxg4
45.Ra7+ Kg8 46.Qxf6 Nxf6 47.Bf3 Rg7 48.Ra4 Ng4 49.Ra6 Ne5 50.Rb3 Nxf3 51.gxf3 Rg2+
52.Kd3 Re7 53.d6 Rd2+  1/2-1/2

[Event "Dortmund op-A"]
[Site "Dortmund"]
[Date "1993.??.??"]
[Round "10"]
[White "Boguslawsky, Maxim"]
[Black "Theissen, Henning"]
[Result "0-1"]
[WhiteElo "2360"]
[BlackElo "2300"]

1.d4 Nf6 2.c4 g6 3.Nc3 Bg7 4.e4 d6 5.Be2 O-O 6.Nf3 e5 7.O-O Nc6 8.d5 Ne7
9.Nd2 a5 10.a3 Nd7 11.Rb1 f5 12.b4 Kh8 13.Qc2 Ng8 14.exf5 gxf5 15.f4 Ne7
16.Nf3 e4 17.Ne1 axb4 18.axb4 c6 19.Be3 Ng6 20.dxc6 bxc6 21.Qd2 Ra3 22.Nd1 Qf6
23.Nc2 Ra2 24.Rb3 d5 25.Nc3 Rxc2 26.Qxc2 d4 27.Bd2 d3 28.Qc1 dxe2 29.Nxe2 Qf7
30.Qc2 Nb6 31.c5 Be6 32.Ra3 Nc4 33.Ra6 Qb7 34.Ra4 Nxd2 35.Qxd2 Qb5 36.Ra3 Bf6
37.Nd4 Rd8 38.Ra8 Qxf1+ 39.Kxf1 Bc4+ 40.Ne2 Rxa8 41.Qd6 Kg7 42.g4 Ra1+ 43.Kf2 Ra2
44.g5 Rxe2+ 45.Kg3 Re3+ 46.Kf2 Rf3+ 47.Kg1 Rf1+ 48.Kg2 Nxf4+  0-1

[Event "Dresden op"]
[Site "Dresden"]
[Date "1993.??.??"]
[Round "?"]
[White "Schmidt, Wlodzimierz"]
[Black "Waldmann, Hans Joachim"]
[Result "1/2-1/2"]
[WhiteElo "2425"]
[BlackElo "2395"]

1.Nf3 Nf6 2.c4 g6 3.Nc3 Bg7 4.e4 d6 5.d4 O-O 6.Be2 e5 7.O-O Nc6 8.d5 Ne7
9.Ne1 Nd7 10.Be3 f5 11.f3 f4 12.Bf2 g5 13.a4 Ng6 14.a5 h5 15.Nb5 Nf6 16.Nxa7 g4
17.Nxc8 g3 18.hxg3 fxg3 19.Bxg3 Rxc8 20.Nc2 h4 21.Bf2 Nh5 22.Ne3 Ng3 23.Ng4 Bf6
24.Kh2 Bg5 25.Rh1 Bf4 26.Kg1 Nxh1 27.Kxh1 Kg7 28.Bf1 Rh8 29.Kg1 Qg5 30.Qb3 Bg3
31.Be3 Bf4 32.Bf2 Bg3 33.Be3 Bf4  1/2-1/2

[Event "Dresden op"]
[Site "Dresden"]
[Date "1993.??.??"]
[Round "?"]
[White "Wichmann, Cliff"]
[Black "Enders, Peter"]
[Result "1-0"]
[WhiteElo "2215"]
[BlackElo "2490"]

1.d4 Nf6 2.Nf3 g6 3.c4 Bg7 4.Nc3 O-O 5.e4 d6 6.Be2 e5 7.O-O Nc6 8.d5 Ne7
9.Nd2 a5 10.a3 Nd7 11.Rb1 f5 12.b4 Kh8 13.Nf3 Nf6 14.Ng5 axb4 15.axb4 h6
16.Ne6 Bxe6 17.dxe6 Nxe4 18.Nxe4 fxe4 19.Qc2 c6 20.Qxe4 d5 21.Qh4 Nf5 22.Qxd8 Raxd8
23.cxd5 cxd5 24.Bb5 Rf6 25.Bd7 Kg8 26.Bb2 Rff8 27.Rbc1 e4 28.Bxg7 Kxg7 29.Rc7 Kf6
30.Rxb7 Rb8 31.Rxb8 Rxb8 32.b5 Ke5 33.Rb1 Kd6 34.Rd1 g5 35.Kf1 Ne7 36.f3 exf3
37.gxf3 Ng6 38.Rc1 Rf8 39.Rc6+ Ke7 40.Ke2 Rf4 41.Bc8 Rh4 42.b6 Rxh2+ 43.Ke3 Rb2
44.b7 Rb4 45.Ra6 Ne5 46.Ra7 Rb3+ 47.Ke2 Rb2+ 48.Kd1 Kf6 49.e7 Kf7 50.Bg4  1-0

[Event "Dresden op"]
[Site "Dresden"]
[Date "1993.??.??"]
[Round "?"]
[White "Wichmann, Cliff"]
[Black "Schmidt, Wlodzimierz"]
[Result "0-1"]
[WhiteElo "2215"]
[BlackElo "2425"]

1.d4 Nf6 2.Nf3 g6 3.c4 Bg7 4.Nc3 O-O 5.e4 d6 6.Be2 e5 7.O-O Nc6 8.d5 Ne7
9.Nd2 a5 10.a3 c5 11.Rb1 Ne8 12.b4 axb4 13.axb4 b6 14.Qc2 f5 15.f3 Kh8 16.bxc5 bxc5
17.Qb3 Ra6 18.Qb8 Nf6 19.Nb5 Bh6 20.Nc7 Ra2 21.Nb3 Bg7 22.Bd3 Nd7 23.Ne6 Nxb8
24.Nxd8 Rxd8 25.Bg5 Bf8 26.Nxc5 Ra8 27.Bf6+ Kg8 28.Nb7 Bxb7 29.Rxb7 Nd7 30.Bxe7 Bxe7
31.exf5 Nc5 32.Rxe7 Nxd3 33.f6 Rf8 34.Re6 Rad8 35.Ra1 Nc5 36.Re7 Rd7 37.Re6 Kf7
38.Re7+ Rxe7 39.fxe7 Re8  0-1

[Event "Dresden (Women)"]
[Site "Dresden"]
[Date "1993.??.??"]
[Round "?"]
[White "Umanskaya, Irina"]
[Black "Olbrich, Marina"]
[Result "1/2-1/2"]
[WhiteElo "2305"]
[BlackElo "2245"]

1.d4 Nf6 2.c4 g6 3.Nc3 Bg7 4.e4 d6 5.Nf3 O-O 6.Be2 e5 7.O-O Nc6 8.d5 Ne7
9.Nd2 a5 10.Rb1 c5 11.a3 Ne8 12.b4 axb4 13.axb4 b6 14.bxc5 bxc5 15.Nb3 Kh8
16.Bd2 f5 17.Ra1 Rxa1 18.Qxa1 Ng8 19.Qa5 Qh4 20.Qb6 Bh6 21.Bxh6 Nxh6 22.Nxc5 Qe7
23.Nb3 Nf6 24.c5 dxc5 25.Qxc5 Qxc5 26.Nxc5 fxe4 27.Rb1 Bf5 28.Rd1 Rc8 29.N3a4 e3
30.fxe3 Bc2 31.Rd2 Bxa4 32.Nxa4 Rc1+ 33.Bf1 Nhg4 34.d6 Nxe3 35.Rf2 Kg7 36.h3 Rd1
37.Nc3 Rxd6 38.Bb5 h5 39.Re2 Ned5 40.Nxd5 Rxd5 41.Bc6 Rc5 42.Bb7 Kf7 43.Kf2 Ke6
44.Be4 Kf7 45.Bb1 Kg7 46.Ra2 Rb5 47.Ra7+ Kh6 48.Ra6 Rb2+ 49.Kg3 Rxb1 50.Rxf6 Kg5
51.Rf8 h4+ 52.Kf2 Rb2+ 53.Kf3 e4+ 54.Kxe4 Rxg2 55.Ke3 Ra2 56.Rf3 Kh5 57.Ke4 g5
58.Rd3 Rh2 59.Ra3 Rg2 60.Rd3 Rg1 61.Rc3 Rf1 62.Rf3 Rb1 63.Rd3 Rg1 64.Rc3 Rg3
65.Rxg3 hxg3 66.Kf3 Kh4 67.Kg2 g4 68.hxg4 Kxg4 69.Kg1  1/2-1/2

[Event "Dresden (Women)"]
[Site "Dresden"]
[Date "1993.??.??"]
[Round "?"]
[White "Olbrich, Marina"]
[Black "Bielicki, Birke"]
[Result "1-0"]
[WhiteElo "2245"]
[BlackElo "2235"]

1.d4 Nf6 2.Nf3 g6 3.c4 Bg7 4.Nc3 d6 5.e4 O-O 6.Be2 e5 7.O-O Nc6 8.d5 Ne7
9.Ne1 Ne8 10.Be3 f5 11.f3 f4 12.Bf2 Kh8 13.c5 Ng8 14.cxd6 cxd6 15.Nb5 a6
16.Nc3 b5 17.Nd3 h5 18.a4 bxa4 19.Nxa4 Rb8 20.Qe1 a5 21.b4 axb4 22.Nxb4 Bd7
23.Nc6 Bxc6 24.dxc6 g5 25.Qc3 g4 26.Rfc1 Qg5 27.Ba7 Rc8 28.Bb6 Ra8 29.Qd3 Ne7
30.c7 d5 31.Nc5 Rxa1 32.Rxa1 Qg6 33.Ra6 dxe4 34.Qxe4 Qd6 35.Qd3 Qxd3 36.Bxd3 Nc8
37.Ne6 Rf6 38.Ra8 Ned6 39.Bc5 Rxe6 40.Bxd6 Re8 41.Bf5  1-0

[Event "Dublin zt"]
[Site "Dublin"]
[Date "1993.??.??"]
[Round "2"]
[White "O'Connell, Gerard"]
[Black "Howell, James C"]
[Result "0-1"]
[WhiteElo "2165"]
[BlackElo "2470"]

1.d4 Nf6 2.c4 g6 3.Nc3 Bg7 4.e4 d6 5.Nf3 O-O 6.Be2 e5 7.O-O Nc6 8.d5 Ne7
9.b4 a5 10.Ba3 Nh5 11.c5 Nf4 12.bxa5 Rxa5 13.Bb4 Ra8 14.Nd2 dxc5 15.Bxc5 b6
16.Bb4 Nxe2+ 17.Qxe2 Ba6 18.Nb5 c6 19.dxc6 Nxc6 20.Bxf8 Nd4 21.Qg4 Bxf8 22.Nxd4 Bxf1
23.Nxf1 Qxd4 24.Rd1 Qc4 25.Ne3 Qxa2 26.Nd5 Qc2 27.Nxb6 Ra2 28.Nd5 Qxf2+ 29.Kh1 Qe2
30.Qxe2 Rxe2 31.Nc3 Re3 32.Nd5 Re2 33.Nc3 Rc2 34.Nd5 Kg7 35.Re1 h5 36.g3 Bc5
37.Ra1 Re2 38.Nc3 Re3 39.Rc1 Bd4 40.Nb5 Rxe4 41.Nd6 Re2 42.Rc7 Rf2 43.Ne4 Ra2
44.Ng5 Ra7 45.Rc6 Be3 46.Ne4 f5 47.Nf6 Kf7 48.Nd5 Bd4 49.Rf6+ Kg7 50.Re6 Rd7
51.Nb4 Bc5 52.Nc6 Rd6 53.Rxd6 Bxd6 54.Na5 g5 55.Nb3 Kf6 56.Nc1 e4 57.Kg2 f4
58.gxf4 gxf4 59.Nb3 Ke5 60.Kf2 Bb4 61.Ke2 Kd5 62.Nc1 f3+  0-1

[Event "Eger"]
[Site "Eger"]
[Date "1993.??.??"]
[Round "3"]
[White "Kiss, Pal"]
[Black "Nickl, Klaus"]
[Result "1-0"]
[WhiteElo "2420"]
[BlackElo "2220"]

1.d4 Nf6 2.c4 g6 3.Nc3 Bg7 4.e4 d6 5.Nf3 O-O 6.Be2 e5 7.O-O Nc6 8.d5 Ne7
9.Ne1 Nd7 10.f3 f5 11.g4 Kh8 12.Kh1 a5 13.Nd3 b6 14.Bd2 Nc5 15.Rg1 Ng8 16.Nxc5 bxc5
17.Bd3 fxg4 18.fxg4 Bd7 19.g5 Rf2 20.Rg2 Rxg2 21.Kxg2 h6 22.h4 Qe7 23.Be2 Bf8
24.Bg4 h5 25.Bxd7 Qxd7 26.Qf3 Be7 27.Qh3 Qxh3+ 28.Kxh3 a4 29.Rf1 Kg7 30.Nb5 Bd8
31.Rf3 Ne7 32.Kg2 Nc8 33.Kf2 Nb6 34.Na3 Nd7 35.Ke2 Nb6 36.Kd3 Ra6 37.Nb5 Ra8
38.Kc3 Ra6 39.Na3 Ra8 40.Nc2 Ra6 41.Ne1 Ra8 42.Nd3 Rb8 43.Rf1 Be7 44.a3 Rb7
45.b3 axb3 46.Nb2 Nd7 47.a4 Nb8 48.Nd3 Bd8 49.Kb2 c6 50.a5 cxd5 51.exd5 Na6
52.Ra1 Kf7 53.Nf2 Ke8 54.Ne4 Be7 55.Rf1 Rb8 56.Rf3 Nc7 57.Bc3 Na6 58.Nf6+ Kd8
59.Ng8 Kd7 60.Nxe7 Kxe7 61.Rf6 Nb4 62.Bxb4 Rxb4 63.a6 Rxc4 64.Rf1 Rxh4 65.a7 Rh2+
66.Kxb3 Rh3+ 67.Kb2  1-0